Combien de ville des Deux Sèvres (79) connais-tu ? - Statistiques

Statistiques générales
  • Ce quiz a été pris 22 fois
  • Le résultat moyen est 34 sur 256
Statistiques - réponses
Code postal Ville % Correct
79000 Niort
95%
79034 Bressuire
90%
79200 Parthenay
70%
79104 Thouars
65%
79500 Melle
60%
79144 Cerizay
55%
79700 Mauléon
55%
79400 Saint-Maixent-l'École
55%
79130 Secondigny
50%
79370 Celles-sur-Belle
45%
79510 Coulon
45%
79250 Nueil-les-Aubiers
45%
79600 Airvault
40%
79180 Chauray
40%
79110 Chef-Boutonne
40%
79410 Échiré
40%
79230 Aiffres
35%
79150 Argentonnay
35%
79330 Geay
35%
79430 La Chapelle-Saint-Laurent
35%
79100 Saint-Jean-de-Thouars
35%
79350 Faye-l'Abbesse
30%
79260 La Crèche
30%
79380 La Forêt-sur-Sèvre
30%
79200 Le Tallud
30%
79120 Lezay
30%
79320 Moncoutant-sur-Sèvre
30%
79340 Vasles
30%
79370 Aigondigné
25%
79160 Ardin
25%
79800 Bougon
25%
79170 Brioux-sur-Boutonne
25%
79220 Champdeniers
25%
79390 La Ferrière-en-Parthenay
25%
79800 La Mothe-Saint-Héray
25%
79140 Le Pin
25%
79210 Mauzé-sur-le-Mignon
25%
79310 Mazières-en-Gâtine
25%
79340 Ménigoute
25%
79120 Rom
25%
79330 Sainte-Gemme
25%
79700 Saint-Pierre-des-Échaubrognes
25%
79270 Saint-Symphorien
25%
79041 Sauzé-Vaussais
25%
79360 Beauvoir-sur-Niort
20%
79300 Boismé
20%
79350 Chiché
20%
79160 Coulonges-sur-l'Autize
20%
79440 Courlay
20%
79400 Exireuil
20%
79230 Fors
20%
79270 Frontenay-Rohan-Rohan
20%
79240 L'Absie
20%
79330 Luché-Thouarsais
20%
79460 Magné
20%
79360 Marigny
20%
79800 Pamproux
20%
79170 Périgné
20%
79360 Plaine-d'Argenson
20%
79200 Pompaire
20%
79231 Prahecq
20%
79160 Saint-Pompain
20%
79170 Secondigné-sur-Belle
20%
79160 Villiers-en-Plaine
20%
79230 Vouillé
20%
79220 Xaintray
20%
79200 Adilly
15%
79130 Allonne
15%
79400 Azay-le-Brûlé
15%
79420 Beaulieu-sous-Parthenay
15%
79000 Bessines
15%
79140 Bretignolles
15%
79230 Brûlain
15%
79320 Chanteloup
15%
79120 Chenay
15%
79120 Chey
15%
79170 Chizé
15%
79140 Cirières
15%
79330 Coulonges-Thouarsais
15%
79800 Exoudun
15%
79370 Fressines
15%
79150 Genneton
15%
79220 Germond-Rouvre
15%
79360 Granzay-Gript
15%
79220 La Chapelle-Bâton
15%
79200 Lageon
15%
79240 Largeasse
15%
79190 Melleran
15%
79140 Montravers
15%
79130 Neuvy-Bouin
15%
79600 Plaine-et-Vallées
15%
79300 Saint-Aubin-du-Plain
15%
79450 Saint-Aubin-le-Cloud
15%
79120 Sainte-Soline
15%
79410 Saint-Gelais
15%
79400 Saint-Martin-de-Saint-Maixent
15%
79150 Saint Maurice Étusson
15%
79410 Saint-Maxire
15%
79330 Saint-Varent
15%
79000 Sciecq
15%
79240 Trayes
15%
79310 Verruyes
15%
79310 Vouhé
15%
79150 Voulmentin
15%
79350 Amailloux
10%
79210 Amuré
10%
79130 Azay-sur-Thouet
10%
79350 Clessé
10%
79140 Combrand
10%
79110 Couture-d'Argenson
10%
79270 Épannes
10%
79160 Faye-sur-Ardin
10%
79160 Fenioux
10%
79330 Glénay
10%
79200 La Peyratte
10%
79220 Les Groseillers
10%
79170 Le Vert
10%
79290 Loretz-d'Argenton
10%
79110 Loubillé
10%
79100 Louzy
10%
79100 Luzay
10%
79600 Marnes
10%
79400 Nanteuil
10%
79100 Pas-de-Jeu
10%
79130 Pougne-Hérisson
10%
79210 Prin-Deyrançon
10%
79420 Reffannes
10%
79700 Saint-Amand-sur-Sèvre
10%
79380 Saint-André-sur-Sèvre
10%
79220 Saint-Christophe-sur-Roc
10%
79800 Sainte-Eanne
10%
79210 Saint-Hilaire-la-Palud
10%
79100 Saint-Jacques-de-Thouars
10%
79600 Saint-Loup-Lamairé
10%
79230 Saint-Martin-de-Bernegoue
10%
79290 Saint-Martin-de-Sanzay
10%
79410 Saint-Rémy
10%
79500 Saint-Romans-lès-Melle
10%
79800 Salles
10%
79800 Soudan
10%
79390 Thénezay
10%
79110 Valdelaume
10%
79210 Val-du-Mignon
10%
79290 Val en Vignes
10%
79200 Viennay
10%
79170 Villefollet
10%
79110 Alloinay
5%
79210 Arçais
5%
79110 Aubigné
5%
79390 Aubigny
5%
79400 Augé
5%
79800 Avon
5%
79370 Beaussais-Vitré
5%
79160 Béceleuf
5%
79290 Brion-près-Thouet
5%
79190 Caunay
5%
79200 Châtillon-sur-Thouet
5%
79170 Chérigné
5%
79410 Cherveux
5%
79190 Clussais-la-Pommeraie
5%
79390 Doux
5%
79450 Fénery
5%
79110 Fontenille-Saint-Martin-d'Entraigues
5%
79260 François
5%
79200 Gourgé
5%
79170 Juillé
5%
79230 Juscorps
5%
79200 La Chapelle-Bertrand
5%
79360 La Foye-Monjault
5%
79270 La Rochénard
5%
79130 Le Retail
5%
79360 Les Fosses
5%
79270 Le Vanneau-Irleau
5%
79190 Limalonges
5%
79600 Louin
5%
79170 Luché-sur-Brioux
5%
79190 Mairé-Levescault
5%
79500 Maisonnay
5%
79500 Marcillé
5%
79120 Messé
5%
79190 Montalembert
5%
79390 Oroux
5%
79170 Paizay-le-Chapt
5%
79190 Pers
5%
79330 Pierrefitte
5%
79190 Pliboux
5%
79370 Prailles-La Couarde
5%
79160 Puihardy
5%
79260 Romans
5%
79120 Saint-Coutant
5%
79100 Saint-Cyr-la-Lande
5%
79260 Sainte-Néomaye
5%
79100 Sainte-Verge
5%
79600 Saint-Généroux
5%
79210 Saint-Georges-de-Rex
5%
79200 Saint-Germain-de-Longue-Chaume
5%
79160 Saint-Laurs
5%
79100 Saint-Léger-de-Montbrun
5%
79420 Saint-Lin
5%
79160 Saint-Maixent-de-Beugné
5%
79310 Saint-Pardoux-Soutiers
5%
79240 Saint-Paul-en-Gâtine
5%
79400 Saivres
5%
79270 Sansais
5%
79170 Séligné
5%
79120 Sepvret
5%
79800 Souvigné
5%
79100 Tourtenay
5%
79270 Vallans
5%
79120 Vanzay
5%
79240 Vernoux-en-Gâtine
5%
79170 Vernoux-sur-Boutonne
5%
79360 Villiers-en-Bois
5%
79170 Asnières-en-Poitou
0%
79600 Assais-les-Jumeaux
0%
79600 Availles-Thouarsais
0%
79160 Beugnon-Thireuil
0%
79600 Boussais
0%
79170 Brieuil-sur-Chizé
0%
79420 Clavé
0%
79220 Cours
0%
79170 Ensigné
0%
79340 Fomperron
0%
79500 Fontivillié
0%
79600 Irais
0%
79310 La Boissière-en-Gâtine
0%
79190 La Chapelle-Pouilloux
0%
79700 La Petite-Boissière
0%
79210 Le Bourdet
0%
79240 Le Busseau
0%
79600 Le Chillou
0%
79340 Les Châteliers
0%
79340 Les Forges
0%
79390 Lhoumois
0%
79190 Lorigné
0%
79110 Loubigné
0%
79170 Lusseray
0%
79600 Maisontiers
0%
79220 Pamplie
0%
79390 Pressigny
0%
79220 Sainte-Ouenne
0%
79400 Saint-Georges-de-Noisné
0%
79340 Saint-Germier
0%
79310 Saint-Marc-la-Lande
0%
79100 Saint-Martin-de-Mâcon
0%
79420 Saint-Martin-du-Fouilloux
0%
79230 Saint-Romans-des-Champs
0%
79500 Saint-Vincent-la-Châtre
0%
79200 Saurais
0%
79240 Scillé
0%
79220 Surin
0%
79120 Vançais
0%
79420 Vausseroux
0%
79420 Vautebis
0%
79110 Villemain
0%
79170 Villiers-sur-Chizé
0%
Aucun quiz correspondant
Distribution des résultats
% des personnes avec chaque résultat
Percentile par nombre de réponses
Votre historique - résultats
Vous n’avez pas pris ce quiz